TEXT BOOK OF PHARMACOGONOSY AND PHOTOCHEMISTRY (Record no. 32095)

MARC details
000 -LEADER
fixed length control field 00384nam a22001577a 4500
003 - CONTROL NUMBER IDENTIFIER
control field SGT
020 ## - INTERNATIONAL STANDARD BOOK NUMBER
International Standard Book Number 9789389688627
082 ## - DEWEY DECIMAL CLASSIFICATION NUMBER
Classification number 615.321
Item number P21K
100 ## - MAIN ENTRY--PERSONAL NAME
Personal name KALIA, A.N
245 ## - TITLE STATEMENT
Title TEXT BOOK OF PHARMACOGONOSY AND PHOTOCHEMISTRY
260 ## - PUBLICATION, DISTRIBUTION, ETC. (IMPRINT)
Place of publication, distribution, etc NEW DLHI
Name of publisher, distributor, etc CBS PUBLISHER
Year of Publication 2021
300 ## - PAGE DESCRIPTION
No. of Pages 216
650 ## - SUBJECT ADDED ENTRY--TOPICAL TERM
Topical term or geographic name as entry element PHARMACY
653 ## - KEYWORDS--INDEX TERM
Keyword term PHARMACOGONOSY , PHOTOCHEMISTRY
942 ## - ADDED ENTRY ELEMENTS (KOHA)
Source of classification or shelving scheme Dewey Decimal Classification
Koha item type Books
Holdings
Withdrawn status Lost status Source of classification or shelving scheme Damaged status Not for loan Collection code Home library Current library Shelving location Date acquired Vendor Name SGTU Full call number Accession No. (Barcode) Date last seen Bill Date Koha item type
    Dewey Decimal Classification     PHARMACY SGT FA-FP Library SGT FA-FP Library Reference Book 12/07/2025 SGT UNIVERSITY dR. SHAM SINGLA SGTU 615.321 P21K FP5276G 12/07/2025 12/07/2025 Gifted Books